| 000 | 00409cam a2200169ua 4500 | ||
|---|---|---|---|
| 001 | 5413 | ||
| 008 | 120901n ii |||gr||||Z||||||eng | ||
| 040 | _cMAIN | ||
| 082 | _a822 | ||
| 100 | 1 |
_aSen Gupta, S. P., _eAuthor, |
|
| 245 | 1 | 1 |
_aLook back in anger _cby John Osborne |
| 250 | _a2nd. | ||
| 260 |
_aBareilly: _bPrakash book Depot, _c1989. |
||
| 300 |
_a46p: _c18cm. |
||
| 653 | _aEnglish drama | ||
| 942 | _cBK | ||
| 999 |
_c4594 _d4594 |
||